| 000 | 00738nam a2200205Ia 4500 | ||
|---|---|---|---|
| 999 |
_c4807 _d4807 |
||
| 008 | 200103s 1983 ||||xx |||||||||||||| ||und|| | ||
| 020 | _a9280111612 | ||
| 082 |
_a341.75665 _bIMO |
||
| 100 | _aInternational Maritime Organization | ||
| 245 | 0 |
_a1983 amendments to the international convention for the safety of life at sea, 1974, Vol. 1 _bReplacement texts of chapters 3 and 7, amendments to chapters 2-1, 2-2 and 4 |
|
| 260 |
_bInternational Maritime Organization _c1983 _aLondon |
||
| 300 | _a99 p. | ||
| 650 | _aShips - Safety regulations | ||
| 650 | _aMerchant marine - Safety measures | ||
| 650 | _aNavigation | ||
| 650 | _aShipping | ||
| 650 | _aIndustrial safety | ||
| 650 | _aConference proceedings | ||
| 942 | _cBK | ||